Local government on the basic of Poland, Slovakia, Hungary and Romania
Činnosť miestnych orgánov a účasť verejnosti v procese samosprávy v Poľsku, na Slovensku, v Maďarsku a Rumunsku.
Enregistré dans:
| Auteur principal: | |
|---|---|
| Format: | Chapitre de livre |
| Langue: | anglais |
| Sujets: | |
| Tags: |
Pas de tags, Soyez le premier à ajouter un tag!
|
MARC
| LEADER | 00000naa a2200000 4500 | ||
|---|---|---|---|
| 001 | 0175885 | ||
| 005 | 20221020081655.7 | ||
| 041 | 0 | |a eng | |
| 044 | |a SK | ||
| 245 | 1 | 0 | |a Local government on the basic of Poland, Slovakia, Hungary and Romania |c Petro Tračuk |
| 520 | |a Činnosť miestnych orgánov a účasť verejnosti v procese samosprávy v Poľsku, na Slovensku, v Maďarsku a Rumunsku. | ||
| 610 | 2 | 0 | |a správa miestna |
| 610 | 2 | 0 | |a správa štátna |
| 610 | 2 | 0 | |a Poľsko |
| 610 | 2 | 0 | |a Maďarsko |
| 610 | 2 | 0 | |a Slovensko |
| 610 | 2 | 0 | |a Rumunsko |
| 610 | 2 | 0 | |a správa verejná |
| 100 | 1 | |a Tračuk, Petro | |